000 00757nam a2200217Ia 4500
005 20241129110111.0
008 241129s9999||||xx |||||||||||||| ||und||
020 _a978-93-5205-308-7
037 _aTB
040 _aARTS
_bpun
_cARTS
041 _apun
_2pun
084 _aO153,1N295:g Q5
_qARTS
100 _aਕੌਰ, ਮਨਦੀਪ, ਚ।
245 0 _aਪੰਜਾਬੀ ਸਭਿਆਚਾਰ ਦੀ ਵਿਕਾਸ ਰੇਖਾ
_cਕੌਰ, ਮਨਦੀਪ, ਚ।
260 _aਚੰਡੀਗੜ੍ਹ, ਭਾਰਤ
_bਚੰਡੀਗੜ੍ਹ ਯੂਨੀਸਟਾਰ
_c2023
300 _a298ਪ੍ਰ0
365 _aINR
_b595
650 _aPunjabi Poetry
_9187334
942 _cTB
_hO153,1N295:g Q5
999 _c1227305
_d1227305